000 00556nam a2200181Ia 4500
008 090123s9999 xx 000 0 und d
082 _b10916
100 _aमाथुर मिनाक्षी
245 _aबंधन टु टेना
250 _a1
260 _bअभिनव प्र.
_c1986
300 _a175
600 _aमाथुर मिनाक्षी
630 _aबंधन टु टेना
700 _aमाथुर मिनाक्षी
730 _aबंधन टु टेना
942 _cBOOK
999 _c48981
_d48981